[Event "EU-ch Schools U13"]
[Site "Tornelo INT"]
[Date "2021.12.05"]
[Round "6"]
[White "Kleschev, Semen"]
[Black "Gogiashvili, Giorgi"]
[Result "0-1"]
[WhiteElo "1404"]
[BlackElo "1255"]
[PlyCount "118"]
[EventDate "2021.12.03"]
[EventType "swiss (rapid)"]
[EventRounds "7"]
[EventCountry "NET"]
[SourceTitle "EXT 2023"]
[Source "ChessBase"]
[SourceDate "2022.10.05"]
[SourceVersion "1"]
[SourceVersionDate "2022.10.05"]
[SourceQuality "1"]

1. d4 Nf6 2. c4 e6 3. Nf3 Bb4+ 4. Bd2 Qe7 5. e3 0-0 6. Bd3 Bxd2+ 7. Qxd2 d6 8. Nc3 e5 9. e4 Nc6 10. d5 Nb8 11. 0-0 Bg4 12. Qe3 Nbd7 13. b4 a5 14. a3 Nh5 15. Ne2 Qf6 16. h3 Bxf3 17. Qxf3 Qxf3 18. gxf3 Nf4 19. Nxf4 exf4 20. Kg2 Ne5 21. Be2 b6 22. Rfc1 g5 23. c5 bxc5 24. bxc5 Rfc8 25. c6 Kf8 26. Rab1 Kg8 27. Rb7 Kg7 28. a4 Kg6 29. Rc3 h5 30. Bd1 f6 31. Be2 Kh6 32. Rcb3 Kg6 33. Rb1 Kh6 34. Rh1 Kg6 35. h4 g4 36. fxg4 hxg4 37. f3 g3 38. h5+ Kh6 39. Rh4 Kg5 40. Rh1 Kh6 41. Rb5 Kg5 42. h6 Ng6 43. h7 Nh8 44. Rb7 Nf7 45. h8Q Rxh8 46. Rxc7 Rxh1 47. Kxh1 Rh8+ 48. Kg1 Rh2 49. Rxf7 Rxe2 50. Rd7 Kh4 51. Rh7+ Kg5 52. Rd7 Kh4 53. Kf1 Rf2+ 54. Kg1 Rxf3 55. Rxd6 Kh3 56. Rxf6 Rc3 57. Rh6+ Kg4 58. Rg6+ Kh3 59. d6 Rc1# 0-1

[Event "EU-ch Schools U13"]
[Site "Tornelo INT"]
[Date "2021.12.03"]
[Round "2"]
[White "Kleschev, Semen"]
[Black "Glavac, Leo"]
[Result "1-0"]
[WhiteElo "1404"]
[BlackElo "1111"]
[PlyCount "91"]
[EventDate "2021.12.03"]
[EventType "swiss (rapid)"]
[EventRounds "7"]
[EventCountry "NET"]
[SourceTitle "EXT 2023"]
[Source "ChessBase"]
[SourceDate "2022.10.05"]
[SourceVersion "1"]
[SourceVersionDate "2022.10.05"]
[SourceQuality "1"]

1. c4 e6 2. d4 d5 3. Nc3 c6 4. e3 b6 5. Nf3 Ba6 6. cxd5 Bxf1 7. Kxf1 cxd5 8. g3 Be7 9. Kg2 Nf6 10. Nb5 0-0 11. Nc3 Nbd7 12. Qd3 Rc8 13. h4 Ng4 14. Qe2 Rc6 15. h5 h6 16. Nh2 Ngf6 17. Bd2 Qb8 18. Rac1 Rfc8 19. a3 Qb7 20. Nf3 a6 21. a4 Bb4 22. Ne5 Nxe5 23. dxe5 Nd7 24. f4 Bxc3 25. Rxc3 Rxc3 26. bxc3 Nc5 27. Ra1 Nb3 28. Rb1 Nxd2 29. Qxd2 d4+ 30. Kf2 dxc3 31. Qc2 b5 32. axb5 axb5 33. Rb4 Qh1 34. Ke2 Qg2+ 35. Kd3 Rd8+ 36. Rd4 Qxc2+ 37. Kxc2 Rxd4 38. exd4 b4 39. g4 f6 40. f5 Kf7 41. Kd3 Ke7 42. Kc2 Kd7 43. Kd3 fxe5 44. dxe5 Kc6 45. Kc2 Kd5 46. f6 1-0

[Event "EU-ch Hybrid U12"]
[Site "Tornelo INT"]
[Date "2021.10.15"]
[Round "7"]
[White "Kleschev, Semen"]
[Black "Neronov, Mark V"]
[Result "0-1"]
[WhiteElo "1320"]
[BlackElo "1495"]
[PlyCount "108"]
[EventDate "2021.10.15"]
[EventType "swiss"]
[EventRounds "9"]
[EventCountry "NET"]
[SourceTitle "EXT 2023"]
[Source "ChessBase"]
[SourceDate "2022.10.05"]
[SourceVersion "1"]
[SourceVersionDate "2022.10.05"]
[SourceQuality "1"]
[WhiteTeam "Russia"]
[BlackTeam "Russia"]
[WhiteTeamCountry "RUS"]
[BlackTeamCountry "RUS"]

1. c4 Nf6 2. Nc3 e6 3. g3 Bb4 4. Qc2 d6 5. Bg2 0-0 6. Nf3 c5 7. 0-0 Nc6 8. a3 Bxc3 9. Qxc3 Qa5 10. Qc2 Qc7 11. d3 b6 12. Bd2 Bb7 13. b4 Rfe8 14. e3 e5 15. b5 Nd8 16. e4 Ne6 17. Bh3 Bc8 18. Qd1 a6 19. bxa6 Rxa6 20. Kg2 Bd7 21. Qc2 Rea8 22. Qb2 Qc8 23. Kh1 Qb7 24. Kg2 Bc6 25. Kg1 b5 26. Rfb1 Rb6 27. Be3 Rb8 28. Nd2 Nd7 29. Qc2 Qa6 30. Bf1 Qa4 31. Qc1 Nd4 32. Bxd4 exd4 33. f4 Qa7 34. Qc2 Qa5 35. Qa2 Ra8 36. cxb5 Rxb5 37. Nc4 Qc7 38. Bg2 Rab8 39. Rxb5 Bxb5 40. a4 Bxc4 41. Qxc4 Rb4 42. Qc2 Qa5 43. Bf3 Nb6 44. Bd1 d5 45. exd5 Nxd5 46. Rb1 Rxb1 47. Qxb1 Qe1+ 48. Kg2 Ne3+ 49. Kh3 Qf1+ 50. Kh4 g5+ 51. Kxg5 h6+ 52. Kxh6 Qh3+ 53. Kg5 Kg7 54. Bh5 f6# 0-1

[Event "EU-ch Hybrid U12"]
[Site "Tornelo INT"]
[Date "2021.10.15"]
[Round "9"]
[White "Kleschev, Semen"]
[Black "Spasov, Igor Aleksandar"]
[Result "1-0"]
[WhiteElo "1320"]
[BlackElo "1435"]
[PlyCount "108"]
[EventDate "2021.10.15"]
[EventType "swiss"]
[EventRounds "9"]
[EventCountry "NET"]
[SourceTitle "EXT 2023"]
[Source "ChessBase"]
[SourceDate "2022.10.05"]
[SourceVersion "1"]
[SourceVersionDate "2022.10.05"]
[SourceQuality "1"]
[WhiteTeam "Russia"]
[BlackTeam "Macedonia"]
[WhiteTeamCountry "RUS"]
[BlackTeamCountry "MKD"]

1. d4 Nf6 2. c4 e6 3. Nf3 d5 4. Nc3 Nbd7 5. e3 Be7 6. b3 0-0 7. Bd3 Re8 8. 0-0 Nf8 9. e4 dxe4 10. Nxe4 b6 11. Nxf6+ Bxf6 12. Be4 Rb8 13. Rb1 c5 14. Bf4 Bb7 15. Qe2 Bxe4 16. Qxe4 Rc8 17. Rfd1 Qe7 18. dxc5 Qxc5 19. Bd6 Qc6 20. Qe3 Red8 21. Bb4 Ng6 22. Nd4 Qe8 23. Nb5 Rxd1+ 24. Rxd1 Rd8 25. Rxd8 Qxd8 26. Nxa7 Be7 27. Qd2 Qxd2 28. Bxd2 Ne5 29. Be3 Nd7 30. Nc6 Ba3 31. Kf1 Nc5 32. Bxc5 bxc5 33. Ke2 Kf8 34. Kd3 Ke8 35. Kc2 Kd7 36. Ne5+ Ke7 37. Nc6+ Kd6 38. Na7 Bb4 39. Nb5+ Kc6 40. a3 Ba5 41. Nc3 Bxc3 42. Kxc3 e5 43. b4 cxb4+ 44. axb4 f5 45. f3 g5 46. g4 e4 47. gxf5 exf3 48. Kd3 g4 49. Ke3 h5 50. b5+ Kc5 51. f6 Kxc4 52. f7 h4 53. f8Q g3 54. Qxf3 gxh2 1-0

[Event "Chigorin Memorial 27th"]
[Site "St Petersburg"]
[Date "2019.10.11"]
[Round "7"]
[White "Kleschev, Semen"]
[Black "Kiselev, Viktor"]
[Result "1/2-1/2"]
[WhiteElo "1328"]
[BlackElo "1773"]
[PlyCount "76"]
[EventDate "2019.10.05"]
[EventType "swiss"]
[EventRounds "9"]
[EventCountry "RUS"]
[SourceTitle "EXT 2021"]
[Source "ChessBase"]
[SourceDate "2020.10.23"]
[SourceVersion "1"]
[SourceVersionDate "2020.10.23"]
[SourceQuality "1"]

1. Nf3 Nc6 2. d4 d5 3. c4 Bg4 4. Nc3 e6 5. Bg5 Be7 6. Bxe7 Ngxe7 7. e3 0-0 8. Bd3 a6 9. cxd5 exd5 10. Bxh7+ Kh8 11. Bb1 Re8 12. h3 Bh5 13. g4 Bg6 14. h4 Qd7 15. Ng5 Kg8 16. f3 f6 17. Nh3 Bxb1 18. Qxb1 Qe6 19. Kf2 Kf7 20. Nf4 Qd6 21. h5 Rh8 22. Qd3 Nb4 23. Qd2 Rae8 24. a3 Nbc6 25. Rae1 Nd8 26. Qd3 c6 27. Ng6 Rh6 28. Nxe7 Qxe7 29. Qf5 Ne6 30. Qd3 Kg8 31. Ne2 Rf8 32. Ng3 Rh8 33. Qg6 Qf7 34. Qxf7+ Kxf7 35. Nf5 Rd8 36. Rc1 Ng5 37. Nh4 Rhe8 38. Rc3 Re6 1/2-1/2

[Event "Chigorin Memorial 27th"]
[Site "St Petersburg"]
[Date "2019.10.06"]
[Round "2"]
[White "Chetyrev, Dmitry"]
[Black "Kleschev, Semen"]
[Result "1-0"]
[WhiteElo "1869"]
[BlackElo "1328"]
[PlyCount "77"]
[EventDate "2019.10.05"]
[EventType "swiss"]
[EventRounds "9"]
[EventCountry "RUS"]
[SourceTitle "EXT 2020"]
[Source "ChessBase"]
[SourceDate "2019.10.17"]
[SourceVersion "1"]
[SourceVersionDate "2019.10.17"]
[SourceQuality "1"]

1. e4 c5 2. Nf3 Nf6 3. Nc3 d5 4. exd5 Nxd5 5. Bc4 Nxc3 6. bxc3 Nc6 7. 0-0 e6 8. d4 Be7 9. Be3 0-0 10. Bb5 Qb6 11. Rb1 Qa5 12. Bxc6 bxc6 13. Ne5 Qc7 14. Qf3 Bd7 15. Nd3 cxd4 16. cxd4 Bd6 17. Bf4 Rab8 18. Bxd6 Qxd6 19. Qg3 Qxg3 20. hxg3 Rfd8 21. Nc5 Be8 22. c3 Rb6 23. Rb3 Rdb8 24. Rfb1 Kf8 25. Kf1 Ke7 26. Ke2 h6 27. Na4 Rb5 28. c4 Rxb3 29. axb3 f6 30. Nc5 Rd8 31. Ke3 Rb8 32. Ra1 Ra8 33. Ra5 Bd7 34. b4 Kd6 35. b5 cxb5 36. cxb5 g5 37. Ra6+ Kc7 38. b6+ Kd8 39. Nxd7 1-0